Countries That Recognize Kosovo - Sudden Death - Statistics

General Stats
  • This quiz has been taken 1,876 times
    666 since last reset
  • The average score is 4 of 19
Answers on the Grid
Answers color-coded by a green-red scale on the quiz's grid according to % correct below.
Afghanistan
Argentina
Armenia
Bhutan
Bosnia and Herzegovina
Brunei
Chad
Colombia
Costa Rica
Djibouti
Dominican Republic
El Salvador
Ghana
Greece
Guatemala
Guyana
India
Kenya
Libya
Lithuania
Luxembourg
Myanmar
Pakistan
Portugal
Saudi Arabia
Senegal
Spain
Thailand
Tunisia
Turkey
Ukraine
Venezuela
 
Answer Stats
Answer % Correct
Afghanistan
53%
Luxembourg
33%
Turkey
32%
Portugal
30%
Lithuania
24%
Costa Rica
22%
Saudi Arabia
22%
Brunei
17%
Colombia
17%
Pakistan
17%
Dominican Republic
16%
El Salvador
16%
Djibouti
14%
Chad
13%
Libya
13%
Thailand
12%
Senegal
10%
Kenya
9%
Guyana
7%
No matching quizzes found
Score Distribution
Percent of People with Each Score
Percentile by Number Answered
Your Score History
You have not taken this quiz since the last reset